1227 1466 1291 1316 1451 1970 1967 1093 1305 1098 1606 1423 1330 1555 1871 1184 1968 1460 1877 1707 1995 1687 1147 1860 1660 1172 1385 1121 1298 1377 1075 1268 1212 1302 1504 1417 1684 1460 1883 1283 1277 1809 1050 1377 1606 1519 1316 1725 1514 1617 1035 1516 1137 1551 1296 1563 1289 1235 1301 1689 1367 1588 1994 1211 1339 1526 1862 1093 1018 1019 1477 1888 1954 1106 1735 1161 1001 1785 1061 1503 1824 1775 1070 1684 1511 1404 1285 1756 1414 1494 1656 1250 1405 1653 1031 1868 1184 1541 1510 BCNSPRNW ULIB Ver.6.0+V

เปลี่ยนเป็นภาษาไทย

Change to English
 แสดงรายละเอียดบรรณานุกรม
  กลับหน้าหลัก

Brief Record : Get Marc (ISO 2709) : E-mail record : QR code < ปิดหน้าต่าง
LEADER : 00000nam 2200000uu 4500
001    13399115251
003     ULIB
008    120808s2553||||th 000 0 tha d
020    ^a9789742251031
060 04 ^aWA590^bอ267ว
100 0  ^aอภิวันท์ แก้วรรณรัตน์
245 10 ^aวิธีการให้ความรู้ทางสุขภาพ /^cอภิวันท์ แก้ววรรณรัตน์
250    ^aพิมพ์ครั้งที่ 1
260    ^aเชียงใหม่ :^bยูนิตี้ แอนด์ โปรเกรสโซลูชั่น,^c2553
300    ^a52 หน้า :^bภาพประกอบ ;^c28 ซม.
504    ^aมีบรรณานุกรมและดัชนี
650  7 ^aความรู้
650  7 ^aสุขภาพ^xการศึกษาและการสอน
945    ^p95^l0^i16820
945    ^p95^l0^i16818
945    ^p95^l0^i16819
995    ^aกัณชพร
999    ^aใช้งานได้ทุกระบบ
รายการนี้ยังไม่มีแท็ก
คุณยังไม่ได้ล็อกอิน คุณสามารถมีกิจกรรมร่วมกับเว็บไซต์ได้ แต่ต้องล็อกอินก่อน ::
  ล็อกอิน

รายการสื่อสารสนเทศ

ลำดับที่ ประเภท เลขเรียก/บาร์โค้ด สถานที่ สถานะ
1. วิทยาศาสตร์การแพทย์ และสุขภาพ
วิทยาศาสตร์การแพทย์ และสุขภาพ
WA590 อ267ว  
  Barcode: 16820
ห้องสมุดวิทยาเขตนครสวรรค์
►ส่วนจัดเก็บหนังสือเก่า นว.
บนชั้น
  ขอยืม
2. วิทยาศาสตร์การแพทย์ และสุขภาพ
วิทยาศาสตร์การแพทย์ และสุขภาพ
WA590 อ267ว ฉ.2 
  Barcode: 16818
ห้องสมุดวิทยาเขตนครสวรรค์
►ส่วนจัดเก็บหนังสือเก่า นว.
บนชั้น
  ขอยืม
3. วิทยาศาสตร์การแพทย์ และสุขภาพ
วิทยาศาสตร์การแพทย์ และสุขภาพ
WA590 อ267ว ฉ.3 
  Barcode: 16819
ห้องสมุดวิทยาเขตนครสวรรค์
►ส่วนจัดเก็บหนังสือเก่า นว.
บนชั้น
  ขอยืม

รายการใกล้เคียง
    ผู้แต่ง [อภิวันท์ แก้วรรณรัตน์]

    หัวเรื่อง [ความรู้]

BibComment


ยังไม่เคยถูกคอมเมนท์

คอมเมนท์ทรัพยากรรายการนี้
  คอมเมนท์: วิธีการให้ความรู..


 Copyright 2026. Bcnsprnw @Library